Integración vertical. El caso de la explotación de aeropuertos (Registro nro. 22977)

Detalles MARC
000 -LEADER
fixed length control field 00386 a2200121 4500
001 - CONTROL NUMBER
control field ART_5778
005 - DATE AND TIME OF LATEST TRANSACTION
control field 20260410161828.0
008 - FIXED-LENGTH DATA ELEMENTS--GENERAL INFORMATION
fixed length control field 260409a
100 1# - MAIN ENTRY--PERSONAL NAME
Personal name Gallacher, Marcos
245 10 - TITLE STATEMENT
Title Integración vertical. El caso de la explotación de aeropuertos
700 1# - ADDED ENTRY--PERSONAL NAME
Personal name Sesé, Alfredo
773 0# - HOST ITEM ENTRY
Title Estudios Económicos
Related parts - Vol. 23, Nº 46 (ene./jun. 2006)
Record control number REV5080

No hay ítems disponibles.